Orbán Balázs öröksége
Elmentve itt :
| Szerző: | |
|---|---|
| Adatforrás: | Meister |
| Forrásdokumentuma: | Művelődés. - 4-5 sz., 1995, 6-7 p. |
| Nyelv: | magyar |
| Kulcsszavak: | művelődéstörténet székelyek Székelyudvarhely ORBÁN Balázs |
| LEADER | 00400nab a2200157 i 4500 | ||
|---|---|---|---|
| 001 | bibPRO00001079 | ||
| 008 | 060524s1995 xx hun | ||
| 040 | |a Sz1 | ||
| 041 | |a hun | ||
| 100 | 1 | |a ZZZ | |
| 245 | 1 | 0 | |a Orbán Balázs öröksége |c ZZZ |
| 695 | |a művelődéstörténet | ||
| 695 | |a székelyek | ||
| 695 | |a Székelyudvarhely | ||
| 695 | |a ORBÁN Balázs | ||
| 773 | 0 | |t Művelődés. - |g 4-5 sz., 1995, 6-7 p. | |